000 nam a22 7a 4500
999 _c8513
_d8513
008 180117b ||||| |||| 00| 0 eng d
100 _94904
_aGUPTA.R.G
245 _aCOMPOSITE MATHEMATICS PART-II
260 _aNEW DELHI
_bAPC
_c2013